000
00327nam a22001457a 4500
008
230413b ||||| |||| 00| 0 eng d
020
_a
9780534146467
041
_a
eng
080
_2
THIRD EDITION
_a
72
082
_a
72LEV
100
_a
24
101
_a
SOCIOL
245
_a
SOCIOLOGICAL IDEAS
_c
LEVIN .C.W
942
_2
udc
_c
BK
999
_c
59529
_d
59529